00757nam a22002177a 4500003000500000005001700005008004100022010001000063011001000073035001000083040000900093100004000102245011400142260004000256300001100296502009900307650003100406650003800437650003600475650002800511CHAP20220329140145.0971013s1995 r 00010 d a47829 a48801 a52948 cCHAP00aPérez Juárez, José Francisco. aAnálisis económico de la unidad de operación Cortazar de la productora nacional de semillas (1983-1991) aChapingo, Méx. :bEl autor,c1995 a106 h. aTesis (Ing. Agr. Esp. en Economía Agrícola) -- UACH. Departamento de Economía Agrícola14aSemillasxCertificación.14aSemillasxCostos de producción.14aSemillasxMercadeoxGuanajuato.14aSemillasxProducción.